Business law / (Record no. 77091)

MARC details
000 -LEADER
fixed length control field 00822nam a22002417a 4500
005 - DATE AND TIME OF LATEST TRANSACTION
control field 20140827145733.0
010 ## - LCCN (DPL NO)
LC control number ENG-107800
020 ## - INTERNATIONAL STANDARD BOOK NUMBER
International Standard Book Number 9789325963962
Terms of availability 325.00 (350.00 bppd)
035 ## - SYSTEM CONTROL NUMBER
System control number EN-91333
035 ## - SYSTEM CONTROL NUMBER
System control number B-537831-838
037 ## - SOURCE OF ACQUISITION
Source of stock number/acquisition DBAD/PUB
037 ## - SOURCE OF ACQUISITION
Source of stock number/acquisition Mallika Books/Ven
Stock number dpl
082 ## - DEWEY DECIMAL CLASSIFICATION NUMBER
Classification number 346.7307
100 ## - MAIN ENTRY--PERSONAL NAME
Personal name Kuchhal, M.C.
245 ## - TITLE STATEMENT
Title Business law /
Statement of responsibility, etc by M.C. Kuchhal [and] Vivek Kuchhal
260 ## - PUBLICATION, DISTRIBUTION, ETC. (IMPRINT)
Place of publication, distribution, etc Noida
Name of publisher, distributor, etc Vikas Publishing House
Date of publication, distribution, etc 2013
270 ## - ADDRESS
Address E-28, Sector-8
City Noida
Postal code 201301
300 ## - PHYSICAL DESCRIPTION
Extent xxiii,464 p.
Dimensions 18cm(pbk)
500 ## - GENERAL NOTE
General note Includes bibliographical references and index
700 ## - ADDED ENTRY--PERSONAL NAME
Personal name Kuchhal, Vivek
942 ## - ADDED ENTRY ELEMENTS (KOHA)
Source of classification or shelving scheme Dewey Decimal Classification
Item type English Books
Call number suffix KUC
Classification part 346.7307
Holdings
Withdrawn status Lost status Not for loan Collection code Home library Current library Date acquired Source of acquisition Cost, normal purchase price Full call number Barcode Copy number Cost, replacement price Koha item type
    Not For Loan Non-fiction D.B.Act.Division D.B.Act.Division 01/07/2013 DBAD/PUB 325.00 346.7307 KUC EN-91333 1 325.00 English Books
  Written-off vide DLB M. No. 383 dt 16.05.19   Non-fiction Karol Bagh Karol Bagh 27/08/2014 Mallika Books/131/31.03.2014/147/25.03.2014/31.03.2014 350.00 346.7307 KUC B-537837 1 350.00 English Books
      Non-fiction Mobile Library Mobile Library 27/08/2014 Mallika Books/131/31.03.2014/147/25.03.2014/31.03.2014 350.00 346.7307 KUC B-537831 2 350.00 English Books
  Written-off vide DLB M. No. 383 dt 16.05.19   Non-fiction Mobile Library Mobile Library 27/08/2014 Mallika Books/131/31.03.2014/147/25.03.2014/31.03.2014 350.00 346.7307 KUC B-537832 2 350.00 English Books
      Non-fiction Narela Narela 27/08/2014 Mallika Books/131/31.03.2014/147/25.03.2014/31.03.2014 350.00 346.7307 KUC B-537838 1 350.00 English Books
  Written-off vide DLB M. No. 383 dt 16.05.19   Non-fiction Patel Nagar Patel Nagar 27/08/2014 Mallika Books/131/31.03.2014/147/25.03.2014/31.03.2014 350.00 346.7307 KUC B-537833 1 350.00 English Books
      Non-fiction R.K.Puram-8 R.K.Puram-8 27/08/2014 Mallika Books/131/31.03.2014/147/25.03.2014/31.03.2014 350.00 346.7307 KUC B-537835 1 350.00 English Books
Binding     Non-fiction Sarojini Nagar Sarojini Nagar 27/08/2014 Mallika Books/131/31.03.2014/147/25.03.2014/31.03.2014 350.00 346.7307 KUC B-537834 1 350.00 English Books
      Non-fiction Vinoba Puri Vinoba Puri 27/08/2014 Mallika Books/131/31.03.2014/147/25.03.2014/31.03.2014 350.00 346.7307 KUC B-537836 1 350.00 English Books

© Delhi Public Library
Hit Counter
free hit counter